Normal view
MARC view
- قضاء جنائي -مصر -قانون جنائي
Entry Topical Term
001 - CONTROL NUMBER
- control field: 44778
003 - CONTROL NUMBER IDENTIFIER
- control field: JO-AjAnu
005 - DATE AND TIME OF LATEST TRANSACTION
- control field: 20230606081419.0
008 - FIXED-LENGTH DATA ELEMENTS
- fixed length control field: 230606|| aca||aabn | a|a d
040 ## - CATALOGING SOURCE
- Original cataloging agency: JO-AjAnu
- Transcribing agency: JO-AjAnu
150 ## - HEADING--TOPICAL TERM
- Topical term or geographic name entry element: قضاء جنائي -مصر -قانون جنائي
670 ## - SOURCE DATA FOUND
- Source citation: Work cat.: (JO-AjAnu)22928: سرور، احمد فتحي, author 44777, الوسيط في قانون الاجراءات الجنائية في ضوء التعديلات التشريعية الحديثة : الاحكام العامة للاجراءات الجنائية - الاجراءات السابقة على المحاكمة - اجراءات المحاكمة - طرق الطعن العادية في الاحكام - الطعن بالنقض - طلب اعادة النظر